| 000 | 00939cam a2200313 4500 | ||
|---|---|---|---|
| 001 | J90469 | ||
| 008 | 090401t1998 xxu||||| |||| 00| 0 eng d | ||
| 035 | _a(Sirsi) u84931 | ||
| 041 | _aeng | ||
| 050 | _a333.337 | ||
| 110 |
_aCluttons Daniel Smith _93567 |
||
| 245 | _aQuarterly property market update. - Spring 1998 - Winter 1998/99 | ||
| 260 |
_aLondon _bCluttons Daniel Smith _c1998 |
||
| 300 | _a3 pt. ; 30cm. | ||
| 350 | _a0 | ||
| 650 | _aAGRICULTURAL MARKET | ||
| 650 | _aCONSTRUCTION INDUSTRY | ||
| 650 | _aINDUSTRIAL MARKET | ||
| 650 | _aINVESTMENT MARKET | ||
| 650 | _aPROPERTY-COMMERCIAL PROPERTY-OFFICE PROPERTY-OFFICE PROPERTY MARKET | ||
| 650 | _aPROPERTY MARKET | ||
| 650 | _aRENTS | ||
| 650 | _aRESIDENTIAL MARKET | ||
| 650 | _aPROPERTY-COMMERCIAL PROPERTY-RETAIL PROPERTY-RETAIL PROPERTY MARKET | ||
| 650 | _aYIELDS | ||
| 690 | _aPROPERTY-COMMERCIAL PROPERTY | ||
| 942 | _n0 | ||
| 948 | _c17/03/1998 | ||
| 999 |
_c96993 _d96993 |
||